| 000 | 00430nam a2200133Ia 4500 | ||
|---|---|---|---|
| 008 | 170516s9999 xx 000 0 und d | ||
| 245 | _aPolyglycerolsulfate Functionalized Gold Nanorods as Optoacoustic Signal Nanoamplifiers for In Vivo Bioimaging of Rheumatoid Arthritis | ||
| 260 | _bTheranostics | ||
| 260 | _c2014 | ||
| 300 | _a4:6 | ||
| 650 | _xMedical Technology | ||
| 650 | _xMedtech | ||
| 856 | _uhttp://www.thno.org/v4i6 | ||
| 999 |
_c330641 _d330641 |
||